000 00999nam a22003137a 4500
001 BR0703646
003 BR-BrBNA
005 20230928102509.0
007 ta
008 230509b bl.||||| |||| 00| 0 por d
040 _aBR-BrBNA
_bpor
_cBiblioteca Nacional de Agricultura
041 _a(Por)
072 _aE20; E14; E13
090 _ E20 BR0703646
110 1 _aMinistério do Desenvolvimento, Indústria e Comércio Exterior, Brasília, DF (Brasil).Secretaria do Desenvolvimento da Produção
245 1 _aInstrumrntos de apoio ao setor produtivo; onde buscar apoio para seu negócio
260 3 _aBrasília, DF (Brasil):
_c2000.
300 _a216 p.
650 _aEMPRESA AGRÍCOLA
650 _aFINANCIAMENTO
650 _aTECNOLOGIA INDUSTRIAL
650 _aLEGISLAÇÃO
650 _aINCENTIVO FISCAL
650 _aCOMÉRCIO EXTERIOR
650 _aPROJETO DE DESENVOLVIMENTO
650 _aPOLÍTICA GOVERNAMENTAL
909 _a202309
_bLucia
_c55
_dLucia Elande
942 _cBK
999 _c71061
_d71061